[Event "Zaporozhye Ermak Cup 7th"]
[Site "Zaporozhye"]
[Date "2011.06.30"]
[Round "8"]
[White "Barantseva, Alexandra"]
[Black "Viktorov, Yaroslav"]
[Result "0-1"]
[WhiteElo "1847"]
[BlackElo "1913"]
[PlyCount "44"]
[EventDate "2011.06.25"]
[EventType "swiss"]
[EventRounds "9"]
[EventCountry "UKR"]
[SourceTitle "CBM 143 Extra"]
[Source "ChessBase"]
[SourceDate "2011.08.29"]
[SourceVersion "1"]
[SourceVersionDate "2011.08.29"]
[SourceQuality "1"]

1. c4 g6 2. g3 Bg7 3. Bg2 f5 4. Nc3 Nf6 5. e3 0-0 6. Nge2 d6 7. 0-0 e5 8. d3 c6 9. Rb1 Na6 10. b4 Bd7 11. b5 Nc7 12. Ba3 Qe7 13. Qb3 Kh8 14. b6 Ne6 15. bxa7 Rxa7 16. Qb4 Nc5 17. d4 exd4 18. exd4 Nce4 19. Nxe4 Nxe4 20. Bxe4 Qxe4 21. Rfe1 c5 22. dxc5 Bc6 0-1

[Event "Zaporozhye Ermak Cup 7th"]
[Site "Zaporozhye"]
[Date "2011.06.30"]
[Round "7"]
[White "Stolpovsky, Sergei"]
[Black "Barantseva, Alexandra"]
[Result "1-0"]
[WhiteElo "2153"]
[BlackElo "1847"]
[PlyCount "73"]
[EventDate "2011.06.25"]
[EventType "swiss"]
[EventRounds "9"]
[EventCountry "UKR"]
[SourceTitle "CBM 143 Extra"]
[Source "ChessBase"]
[SourceDate "2011.08.29"]
[SourceVersion "1"]
[SourceVersionDate "2011.08.29"]
[SourceQuality "1"]

1. d4 d5 2. c4 e6 3. Nf3 Nf6 4. Nc3 Nbd7 5. cxd5 exd5 6. Bg5 c6 7. e3 Be7 8. Bd3 0-0 9. 0-0 Re8 10. Qc2 Nf8 11. Bxf6 Bxf6 12. b4 Bg4 13. Nd2 Rc8 14. Bf5 Bxf5 15. Qxf5 Ne6 16. Nb3 g6 17. Qd3 Ng5 18. Rac1 Qd6 19. a3 Bd8 20. Nc5 b6 21. Nb7 Qe6 22. Nxd8 Rexd8 23. f4 Ne4 24. Nxe4 Qxe4 25. Qxe4 dxe4 26. Rc2 Rd6 27. Rfc1 b5 28. Rc5 a6 29. d5 Kf8 30. dxc6 Rd3 31. a4 bxa4 32. Ra5 Rb3 33. Rxa4 Ke7 34. Rc4 Rxe3 35. Rxa6 Rb3 36. Rxe4+ Kd6 37. Rd4+ 1-0

[Event "UKR-ch"]
[Site "Alushta"]
[Date "2010.05.08"]
[Round "6"]
[White "Stolpovsky, Sergei"]
[Black "Barantseva, Alexandra"]
[Result "1/2-1/2"]
[WhiteElo "2191"]
[BlackElo "1855"]
[PlyCount "106"]
[EventDate "2010.05.03"]
[EventType "swiss"]
[EventRounds "9"]
[EventCountry "UKR"]
[SourceTitle "CBM 136 Extra"]
[Source "ChessBase"]
[SourceDate "2010.07.02"]
[SourceVersion "2"]
[SourceVersionDate "2010.07.15"]
[SourceQuality "1"]

1. d4 d5 2. c4 e6 3. Nf3 Nf6 4. Nc3 c6 5. Bg5 h6 6. Bh4 dxc4 7. e4 g5 8. Bg3 b5 9. e5 Nd5 10. h4 Bb4 11. Qd2 g4 12. Nh2 Qa5 13. Rc1 h5 14. Be2 Bb7 15. f3 c5 16. a3 Bxc3 17. bxc3 cxd4 18. Qxd4 Nc6 19. Qd2 gxf3 20. Nxf3 0-0-0 21. Ng5 Nde7 22. Qb2 Nf5 23. Bf4 Rd7 24. 0-0 Qb6+ 25. Rf2 Nxh4 26. a4 Ng6 27. Bh2 Rhd8 28. Qxb5 Qxb5 29. axb5 Ncxe5 30. Ra1 Ba8 31. Bxh5 Rh8 32. Be2 Bd5 33. Ra4 f5 34. Rf1 Rg8 35. Rfa1 Rgg7 36. Ra6 Rde7 37. b6 axb6 38. Rxb6 f4 39. Raa6 Bb7 40. Ra4 Bd5 41. Raa6 Nh4 42. Bxf4 Nd7 43. Rb4 Nxg2 44. Bd2 Nh4 45. Kf2 Ne5 46. Bf4 Nhg6 47. Bg3 Ra7 48. Rab6 Nd7 49. Rd6 Ne7 50. Nxe6 Rxg3 51. Rxd5 Nxd5 52. Rxc4+ Kb8 53. Kxg3 Ra3 1/2-1/2

[Event "UKR-ch"]
[Site "Alushta"]
[Date "2010.05.03"]
[Round "1"]
[White "Barantseva, Alexandra"]
[Black "Stratulat, Sergey"]
[Result "0-1"]
[WhiteElo "1855"]
[BlackElo "2236"]
[PlyCount "44"]
[EventDate "2010.05.03"]
[EventType "swiss"]
[EventRounds "9"]
[EventCountry "UKR"]
[SourceTitle "CBM 136 Extra"]
[Source "ChessBase"]
[SourceDate "2010.07.02"]
[SourceVersion "2"]
[SourceVersionDate "2010.07.15"]
[SourceQuality "1"]

1. c4 e5 2. Nc3 Bb4 3. g3 Bxc3 4. bxc3 d6 5. Bg2 Nc6 6. d3 f5 7. e3 Nf6 8. Ne2 0-0 9. 0-0 Qe8 10. Rb1 b6 11. Ba3 Ba6 12. c5 dxc5 13. d4 Rd8 14. Qc2 exd4 15. cxd4 Bxe2 16. Bxc6 Qxc6 17. Qxe2 Rfe8 18. dxc5 Ne4 19. cxb6 axb6 20. Rbc1 Qa8 21. Qb2 c5 22. f4 Rd3 0-1

[Event "UKR-ch U16 Girls"]
[Site "Lugansk"]
[Date "2010.03.30"]
[Round "10"]
[White "Ivanenko, Olga I"]
[Black "Barantseva, Alexandra"]
[Result "1-0"]
[WhiteElo "2033"]
[BlackElo "1800"]
[PlyCount "43"]
[EventDate "2010.03.23"]
[EventType "tourn"]
[EventRounds "11"]
[EventCountry "UKR"]
[SourceTitle "CBM 135 Extra"]
[Source "ChessBase"]
[SourceDate "2010.05.04"]
[SourceVersion "1"]
[SourceVersionDate "2010.05.04"]
[SourceQuality "1"]

1. e4 c5 2. Nf3 e6 3. c4 Ne7 4. d4 cxd4 5. Nxd4 d5 6. cxd5 exd5 7. exd5 Nxd5 8. Bb5+ Bd7 9. 0-0 Be7 10. Qf3 Bc6 11. Nxc6 bxc6 12. Nc3 0-0 13. Rd1 Qb6 14. Nxd5 cxd5 15. Rxd5 Na6 16. Bxa6 Qxa6 17. Be3 Bf6 18. Bd4 Bxd4 19. Rxd4 Rad8 20. Qc3 h6 21. Rg4 f6 22. Qc7 1-0

[Event "UKR-ch U16 Girls"]
[Site "Lugansk"]
[Date "2010.03.24"]
[Round "2"]
[White "Barantseva, Alexandra"]
[Black "Torosjan, Asja"]
[Result "1/2-1/2"]
[WhiteElo "1800"]
[BlackElo "1890"]
[PlyCount "130"]
[EventDate "2010.03.23"]
[EventType "tourn"]
[EventRounds "11"]
[EventCountry "UKR"]
[SourceTitle "CBM 135 Extra"]
[Source "ChessBase"]
[SourceDate "2010.05.04"]
[SourceVersion "1"]
[SourceVersionDate "2010.05.04"]
[SourceQuality "1"]

1. c4 e5 2. Nc3 Nc6 3. g3 g6 4. Bg2 Bg7 5. Rb1 d6 6. e3 Be6 7. d3 Qd7 8. Nd5 Nge7 9. Ne2 Nd8 10. 0-0 c6 11. Nxe7 Qxe7 12. d4 Bxc4 13. Re1 Bxa2 14. Ra1 Be6 15. d5 Bd7 16. dxc6 bxc6 17. e4 Nb7 18. Be3 a6 19. Nc3 Be6 20. Na4 c5 21. Nb6 Ra7 22. Bf1 0-0 23. Rxa6 Rxa6 24. Bxa6 Qc7 25. Nd5 Bxd5 26. Qxd5 Rb8 27. Rd1 Bf8 28. f4 exf4 29. Bxf4 Qb6 30. Bc4 Nd8 31. Bxd6 Bxd6 32. Qxd6 Qxd6 33. Rxd6 Kf8 34. b3 Ke7 35. Rd5 Ne6 36. Kf2 Rc8 37. Ke3 Rc7 38. Kd3 Kf6 39. Rd6 Ke7 40. Rd5 Kf6 41. Bb5 Ng5 42. Rd6+ Ke7 43. Rc6 Rxc6 44. Bxc6 Nf3 45. Kc4 Kd6 46. Bd5 f6 47. h4 Nd2+ 48. Kd3 Nf3 49. Bg8 h6 50. Ke3 Ne5 51. Bd5 Ke7 52. Kf4 Nd3+ 53. Ke3 Ne5 54. Kf4 Nd3+ 55. Ke3 Nb4 56. Bc4 Nc2+ 57. Kd2 Nd4 58. Kd3 Nc6 59. Ke3 Kd6 60. Bd5 Ne7 61. Bf7 Ke5 62. h5 gxh5 63. Bxh5 f5 64. Bf3 fxe4 65. Bxe4 Nc8 1/2-1/2

[Event "UKR-ch (Women)"]
[Site "Evpatoria"]
[Date "2009.05.31"]
[Round "9"]
[White "Barantseva, Alexandra"]
[Black "Fediuk, Iryna"]
[Result "1-0"]
[WhiteElo "1892"]
[BlackElo "1847"]
[PlyCount "89"]
[EventDate "2009.05.23"]
[EventType "swiss"]
[EventRounds "9"]
[EventCountry "UKR"]
[SourceTitle "CBM 130 Extra"]
[Source "ChessBase"]
[SourceDate "2009.07.02"]
[SourceVersion "2"]
[SourceVersionDate "2009.07.15"]
[SourceQuality "1"]

1. e4 e5 2. Nf3 Nc6 3. Bc4 Bc5 4. Nc3 d6 5. d3 h6 6. Be3 Bb6 7. Qe2 Nf6 8. h3 Qe7 9. 0-0-0 Bd7 10. Rhe1 Ba5 11. Nd5 Nxd5 12. exd5 Nb8 13. Bd2 Bxd2+ 14. Nxd2 b5 15. Bb3 a5 16. c3 b4 17. c4 c5 18. dxc6 Nxc6 19. Nf3 a4 20. Bc2 0-0 21. d4 Rfe8 22. Qd3 g6 23. dxe5 Bf5 24. Qxd6 Bxc2 25. Qxe7 Rxe7 26. Kxc2 Rb7 27. Rd3 b3+ 28. Kc1 bxa2 29. Ra3 Rb3 30. Rxa2 Nb4 31. Ra3 Nd3+ 32. Kc2 Nxe1+ 33. Nxe1 Rb4 34. Kc3 Rb7 35. Nd3 Re7 36. b3 Rea7 37. b4 Kf8 38. b5 Ke7 39. Kb4 Rc7 40. c5 Rd7 41. c6 Rd4+ 42. Kc5 Rad8 43. c7 R8d5+ 44. Kc6 Rxd3 45. c8Q 1-0

[Event "UKR-ch (Women)"]
[Site "Evpatoria"]
[Date "2009.05.24"]
[Round "2"]
[White "Dolzhikova, Kateryna"]
[Black "Barantseva, Alexandra"]
[Result "1-0"]
[WhiteElo "2291"]
[BlackElo "1892"]
[PlyCount "59"]
[EventDate "2009.05.23"]
[EventType "swiss"]
[EventRounds "9"]
[EventCountry "UKR"]
[SourceTitle "CBM 130 Extra"]
[Source "ChessBase"]
[SourceDate "2009.07.02"]
[SourceVersion "2"]
[SourceVersionDate "2009.07.15"]
[SourceQuality "1"]

1. e4 d5 2. exd5 Qxd5 3. Nc3 Qd6 4. d4 a6 5. g3 Nf6 6. Bf4 Qd8 7. Bg2 c6 8. Qd2 Bf5 9. 0-0-0 e6 10. a3 Be7 11. Nf3 0-0 12. Ne5 b5 13. Bxc6 Ra7 14. d5 b4 15. axb4 Bxb4 16. Qd4 Qa5 17. Qxa7 Bxc3 18. bxc3 Qxc3 19. Nd3 Nxc6 20. dxc6 Bxd3 21. Rxd3 Qa1+ 22. Kd2 Qxh1 23. c7 Qf1 24. Rd8 Ne4+ 25. Ke3 Qxf2+ 26. Kxe4 Qxc2+ 27. Kf3 Qc3+ 28. Kg4 Qc4 29. Rxf8+ Kxf8 30. Qb8+ 1-0

[Event "UKR-ch U20 Girls"]
[Site "Lugansk"]
[Date "2009.04.12"]
[Round "11"]
[White "Barantseva, Alexandra"]
[Black "Korniyuk, Mariya"]
[Result "1-0"]
[WhiteElo "1892"]
[BlackElo "2043"]
[PlyCount "115"]
[EventDate "2009.04.02"]
[EventType "tourn"]
[EventRounds "11"]
[EventCountry "UKR"]
[SourceTitle "CBM 129 Extra"]
[Source "ChessBase"]
[SourceDate "2009.05.05"]
[SourceVersion "2"]
[SourceVersionDate "2009.05.20"]
[SourceQuality "1"]

1. c4 g6 2. g3 Bg7 3. Bg2 f5 4. e3 Nf6 5. Ne2 0-0 6. Nbc3 d6 7. 0-0 e5 8. d3 Nc6 9. Rb1 g5 10. f4 gxf4 11. exf4 Nd4 12. Be3 Ng4 13. Bd2 c6 14. h3 Nf6 15. b4 Bd7 16. b5 h5 17. fxe5 dxe5 18. Nxd4 exd4 19. Ne2 cxb5 20. Nf4 Qc7 21. Nxh5 Nxh5 22. Bd5+ Rf7 23. Bxf7+ Kxf7 24. Qxh5+ Kg8 25. Bf4 Qa5 26. Qg6 Rf8 27. Rbe1 Rf7 28. Re2 bxc4 29. Rfe1 Qc5 30. Bd6 Qb5 31. Re7 Rxe7 32. Rxe7 Qb1+ 33. Kf2 Qxa2+ 34. Re2 Qa6 35. dxc4 d3 36. Rd2 Qxc4 37. Bf4 Qd5 38. Bh6 Qd4+ 39. Be3 Qc3 40. Qd6 Bc6 41. Qe6+ Kh8 42. Qc8+ Kh7 43. Qxf5+ Kh8 44. Qxd3 Qxd3 45. Rxd3 a5 46. Bb6 a4 47. Bc5 Kh7 48. Ke3 Be5 49. Bd6 Bf6 50. Kf4 Kg6 51. h4 Bd8 52. Re3 Bd7 53. Re5 b5 54. h5+ Kg7 55. Rd5 Bf6 56. Be5 Be8 57. h6+ Kf7 58. h7 1-0

[Event "UKR-ch U20 Girls"]
[Site "Lugansk"]
[Date "2009.04.11"]
[Round "10"]
[White "Shepeleva, Sofia"]
[Black "Barantseva, Alexandra"]
[Result "1/2-1/2"]
[WhiteElo "1920"]
[BlackElo "1892"]
[PlyCount "79"]
[EventDate "2009.04.02"]
[EventType "tourn"]
[EventRounds "11"]
[EventCountry "UKR"]
[SourceTitle "CBM 129 Extra"]
[Source "ChessBase"]
[SourceDate "2009.05.05"]
[SourceVersion "2"]
[SourceVersionDate "2009.05.20"]
[SourceQuality "1"]

1. e4 d5 2. exd5 Qxd5 3. d4 Nf6 4. Nf3 e6 5. Be2 Be7 6. 0-0 0-0 7. c4 Qd8 8. Nc3 Nbd7 9. h3 c5 10. Be3 cxd4 11. Nxd4 a6 12. a3 Qc7 13. b4 b6 14. Qc2 Bb7 15. Nb3 Ne5 16. c5 bxc5 17. Nxc5 Bxc5 18. Bxc5 Rfd8 19. Rfd1 Ned7 20. Bd6 Qb6 21. Na4 Qa7 22. Nc5 Bd5 23. Qa4 Nb6 24. Qxa6 Qxa6 25. Nxa6 Rxd6 26. Nc7 Rc8 27. Nb5 Rdd8 28. a4 Bc4 29. Rxd8+ Rxd8 30. Bxc4 Nxc4 31. a5 Nd5 32. a6 Nxb4 33. Ra4 Nxa6 34. Rxc4 g6 35. Nd4 Kg7 36. Ra4 Nc5 37. Rc4 Nd3 38. Kf1 Nf4 39. Nf5+ gxf5 40. Rxf4 1/2-1/2

[Event "UKR-ch U20 Girls"]
[Site "Lugansk"]
[Date "2009.04.09"]
[Round "8"]
[White "Orlyanskaya, Darya"]
[Black "Barantseva, Alexandra"]
[Result "1-0"]
[WhiteElo "2053"]
[BlackElo "1892"]
[PlyCount "73"]
[EventDate "2009.04.02"]
[EventType "tourn"]
[EventRounds "11"]
[EventCountry "UKR"]
[SourceTitle "CBM 129 Extra"]
[Source "ChessBase"]
[SourceDate "2009.05.05"]
[SourceVersion "2"]
[SourceVersionDate "2009.05.20"]
[SourceQuality "1"]

1. e4 d5 2. exd5 Qxd5 3. Nc3 Qd6 4. d4 Nf6 5. Nf3 a6 6. h3 e6 7. Bd3 Be7 8. Ne4 Nxe4 9. Bxe4 Nd7 10. c3 Nf6 11. Bc2 b5 12. Ne5 Bb7 13. Bf4 Qb6 14. 0-0 0-0 15. Bg5 Rad8 16. Ng4 Qc6 17. f3 Nd5 18. Qd3 f5 19. Bxe7 Nxe7 20. Ne5 Qb6 21. b4 Nc6 22. Rfe1 Nxe5 23. Rxe5 Bd5 24. Bb3 g6 25. Rae1 Qc6 26. Qe3 Rfe8 27. Bxd5 Rxd5 28. Rxe6 Qxe6 29. Qxe6+ Rxe6 30. Rxe6 Rd6 31. Rxd6 cxd6 32. d5 f4 33. Kf2 Kf7 34. Ke2 Kf6 35. Kd3 Ke5 36. c4 Kf5 37. Kd4 1-0

[Event "UKR-ch U20 Girls"]
[Site "Lugansk"]
[Date "2009.04.05"]
[Round "4"]
[White "Barantseva, Alexandra"]
[Black "Kalinina, Marianna"]
[Result "0-1"]
[WhiteElo "1892"]
[BlackElo "1985"]
[PlyCount "45"]
[EventDate "2009.04.02"]
[EventType "tourn"]
[EventRounds "11"]
[EventCountry "UKR"]
[SourceTitle "CBM 129 Extra"]
[Source "ChessBase"]
[SourceDate "2009.05.05"]
[SourceVersion "2"]
[SourceVersionDate "2009.05.20"]
[SourceQuality "1"]

1. e4 c5 2. c3 e6 3. Nf3 d5 4. exd5 Qxd5 5. d4 Nf6 6. Na3 a6 7. Nc4 Nbd7 8. Be2 cxd4 9. cxd4 Be7 10. 0-0 b5 11. Na5 Bd8 12. Bd2 0-0 13. Rc1 Bb7 14. Nxb7 Qxb7 15. Bb4 Re8 16. Ng5 Nd5 17. Bd2 Qb6 18. Bd3 g6 19. Nf3 Bf6 20. Be3 Qd6 21. Bg5 Bg7 22. Bh4 Qb4 23. b3 0-1

[Event "UKR-ch U20 Girls"]
[Site "Lugansk"]
[Date "2009.04.04"]
[Round "3"]
[White "Vasina, Olena"]
[Black "Barantseva, Alexandra"]
[Result "1/2-1/2"]
[WhiteElo "2009"]
[BlackElo "1892"]
[PlyCount "67"]
[EventDate "2009.04.02"]
[EventType "tourn"]
[EventRounds "11"]
[EventCountry "UKR"]
[SourceTitle "CBM 129 Extra"]
[Source "ChessBase"]
[SourceDate "2009.05.05"]
[SourceVersion "2"]
[SourceVersionDate "2009.05.20"]
[SourceQuality "1"]

1. d4 d5 2. g3 Nf6 3. Bg2 e6 4. Nf3 Be7 5. 0-0 0-0 6. c4 dxc4 7. Ne5 Nc6 8. Nxc6 bxc6 9. Bxc6 Rb8 10. Bg2 Bb7 11. Nc3 Bxg2 12. Kxg2 Nd5 13. e4 Nb4 14. b3 c5 15. Bf4 Rb7 16. d5 cxb3 17. Qxb3 exd5 18. Nxd5 Qa8 19. Rad1 Nxd5 20. Qxd5 Rd8 21. Qc6 Rc8 22. Qd5 Rd8 23. Qc6 Rc8 24. Qa6 Rb2 25. Rfe1 Rc6 26. Qa3 Qb7 27. Qd3 h6 28. Rb1 Rcb6 29. Rxb2 Rxb2 30. Re2 Rxe2 31. Qxe2 Bf6 32. h4 Bd4 33. Bc1 Qc6 34. Qd3 1/2-1/2

[Event "UKR-ch U20 Girls"]
[Site "Lugansk"]
[Date "2009.04.03"]
[Round "2"]
[White "Barantseva, Alexandra"]
[Black "Tsirulnik, Maritsa"]
[Result "0-1"]
[WhiteElo "1892"]
[BlackElo "2094"]
[PlyCount "84"]
[EventDate "2009.04.02"]
[EventType "tourn"]
[EventRounds "11"]
[EventCountry "UKR"]
[SourceTitle "CBM 129 Extra"]
[Source "ChessBase"]
[SourceDate "2009.05.05"]
[SourceVersion "2"]
[SourceVersionDate "2009.05.20"]
[SourceQuality "1"]

1. c4 e6 2. g3 Nf6 3. Bg2 d5 4. d4 Be7 5. Nf3 0-0 6. 0-0 dxc4 7. Ne5 Nc6 8. Nxc6 bxc6 9. Bxc6 Rb8 10. Bg2 Ba6 11. Nc3 Nd5 12. e4 Nb4 13. Be3 Nd3 14. d5 Rxb2 15. Bxa7 Bf6 16. Na4 Rb7 17. Bc5 Bxa1 18. Bxf8 Bd4 19. Ba3 e5 20. Qc2 Qf6 21. Bc1 Nb4 22. Qd2 c3 23. Nxc3 Bxf1 24. Bxf1 h6 25. Nb5 Bc5 26. Ba3 Na6 27. Bxc5 Nxc5 28. Qc2 Qe7 29. Qc3 Nxe4 30. Qe3 Qb4 31. a3 Qa4 32. Nc3 Nxc3 33. Qxc3 Qd4 34. Qc6 Rb2 35. Qe8+ Kh7 36. Qxf7 Qe4 37. Qxc7 Qxd5 38. Qc1 Rd2 39. Qb1+ e4 40. f3 Qd4+ 41. Kh1 Rd1 42. Qb5 e3 0-1

[Event "UKR-ch U20 Girls"]
[Site "Lugansk"]
[Date "2009.04.02"]
[Round "1"]
[White "Mamedova, Leila"]
[Black "Barantseva, Alexandra"]
[Result "1-0"]
[WhiteElo "2003"]
[BlackElo "1892"]
[PlyCount "57"]
[EventDate "2009.04.02"]
[EventType "tourn"]
[EventRounds "11"]
[EventCountry "UKR"]
[SourceTitle "CBM 129 Extra"]
[Source "ChessBase"]
[SourceDate "2009.05.05"]
[SourceVersion "2"]
[SourceVersionDate "2009.05.20"]
[SourceQuality "1"]

1. e4 c5 2. c3 d5 3. exd5 Qxd5 4. d4 e6 5. Nf3 Nf6 6. Na3 Qd8 7. Nc2 cxd4 8. Ncxd4 Be7 9. Bd3 0-0 10. 0-0 b6 11. Bg5 Bb7 12. Qc2 Nbd7 13. Rfd1 h6 14. Bxf6 Bxf6 15. Bb5 a6 16. Nxe6 fxe6 17. Bxd7 Qe7 18. Qe2 Bd5 19. Ba4 Bg5 20. Ne5 Bf4 21. Nd7 Qh4 22. g3 Qh3 23. Rxd5 exd5 24. Nxf8 Rxf8 25. gxf4 Rxf4 26. Qe8+ Kh7 27. Bc2+ g6 28. Qxg6+ Kh8 29. Qh7# 1-0

[Event "UKR-ch U14 Girls"]
[Site "Kramatorsk"]
[Date "2009.03.12"]
[Round "11"]
[White "Kolba, Anastasiya"]
[Black "Barantseva, Alexandra"]
[Result "1-0"]
[WhiteElo "1845"]
[BlackElo "1892"]
[PlyCount "69"]
[EventDate "2009.03.02"]
[EventType "tourn"]
[EventRounds "11"]
[EventCountry "UKR"]
[SourceTitle "CBM 129 Extra"]
[Source "ChessBase"]
[SourceDate "2009.05.05"]
[SourceVersion "2"]
[SourceVersionDate "2009.05.20"]
[SourceQuality "1"]

1. e4 d5 2. exd5 Qxd5 3. Nc3 Qd6 4. d4 a6 5. Nf3 Nf6 6. g3 e6 7. Bg2 Be7 8. 0-0 0-0 9. Qe2 Nbd7 10. Bf4 Qb6 11. b3 Bb4 12. Na4 Qa7 13. c4 b5 14. Nb2 Rb8 15. Rac1 Bd6 16. Be3 c5 17. cxb5 axb5 18. Nd3 c4 19. bxc4 bxc4 20. Rxc4 Nd5 21. Qd2 Ba6 22. Rcc1 Nb4 23. Nfe1 Bb5 24. d5 Qa6 25. dxe6 Nxd3 26. Nxd3 Bxd3 27. Rfd1 Ne5 28. Bf4 Ba3 29. exf7+ Nxf7 30. Rc6 Rb2 31. Qxd3 Qxd3 32. Rxd3 Rxa2 33. Bd5 Ra1+ 34. Kg2 Re1 35. Rxa3 1-0

[Event "UKR-ch U14 Girls"]
[Site "Kramatorsk"]
[Date "2009.03.10"]
[Round "9"]
[White "Tantsiura, Marja"]
[Black "Barantseva, Alexandra"]
[Result "1-0"]
[WhiteElo "1953"]
[BlackElo "1892"]
[PlyCount "45"]
[EventDate "2009.03.02"]
[EventType "tourn"]
[EventRounds "11"]
[EventCountry "UKR"]
[SourceTitle "CBM 129 Extra"]
[Source "ChessBase"]
[SourceDate "2009.05.05"]
[SourceVersion "2"]
[SourceVersionDate "2009.05.20"]
[SourceQuality "1"]

1. e4 d5 2. exd5 Qxd5 3. Nc3 Qd6 4. d4 a6 5. Nf3 Nf6 6. Be2 Nbd7 7. 0-0 b5 8. Ng5 Bb7 9. Bf3 Qb6 10. Be3 h6 11. d5 Qa5 12. a3 b4 13. axb4 Qxb4 14. Nge4 Nxe4 15. Nxe4 Ne5 16. Ra3 Bc8 17. Rb3 Qa4 18. Bf4 Nxf3+ 19. Qxf3 Bg4 20. Qe3 Qd7 21. d6 c6 22. Nc5 Qd8 23. Rb7 1-0

[Event "UKR-ch sf U16 Girls"]
[Site "Nikolaev"]
[Date "2008.11.02"]
[Round "1"]
[White "Ivanenko, Olga I"]
[Black "Barantseva, Alexandra"]
[Result "1-0"]
[WhiteElo "2013"]
[BlackElo "2006"]
[PlyCount "73"]
[EventDate "2008.11.02"]
[EventType "swiss"]
[EventRounds "9"]
[EventCountry "UKR"]
[SourceTitle "EXT 2010"]
[Source "ChessBase"]
[SourceDate "2010.11.25"]
[SourceVersion "1"]
[SourceVersionDate "2010.11.25"]
[SourceQuality "1"]

1. e4 c5 2. Nf3 Nc6 3. d4 cxd4 4. Nxd4 Nf6 5. Nc3 g6 6. g3 Bg7 7. Nde2 0-0 8. Bg2 d6 9. 0-0 a6 10. a4 Rb8 11. Nd5 Nxd5 12. exd5 Ne5 13. h3 Nc4 14. Ra2 b5 15. axb5 axb5 16. Nd4 Bd7 17. b3 Nb6 18. Qd3 e6 19. dxe6 fxe6 20. Nxb5 Bxb5 21. Qxb5 Nd5 22. Qc4 Rb4 23. Qd3 Nc7 24. Bd2 Rb8 25. c4 e5 26. Ra7 Ne6 27. Bd5 Qf6 28. c5 Kh8 29. c6 Ng5 30. Bxg5 Qxg5 31. c7 Rbc8 32. Be6 e4 33. Qe3 Qh5 34. Bxc8 Rxc8 35. Qxe4 Qxh3 36. Ra8 Be5 37. Qb7 1-0

[Event "Elista Chess City op 10th"]
[Site "Elista"]
[Date "2008.09.22"]
[Round "8"]
[White "Barantseva, Alexandra"]
[Black "Burkhach, Alexander"]
[Result "0-1"]
[WhiteElo "1911"]
[BlackElo "2137"]
[PlyCount "108"]
[EventDate "2008.09.16"]
[EventType "swiss"]
[EventRounds "9"]
[EventCountry "RUS"]
[SourceTitle "CBM 126 Extra"]
[Source "ChessBase"]
[SourceDate "2008.11.05"]
[SourceVersion "1"]
[SourceVersionDate "2008.11.05"]
[SourceQuality "1"]

1. e4 e6 2. d4 c5 3. Nf3 cxd4 4. Nxd4 Nf6 5. Nc3 Nc6 6. a3 d5 7. Bb5 Bd7 8. exd5 Nxd4 9. Bxd7+ Qxd7 10. Qxd4 Nxd5 11. Nxd5 Qxd5 12. Qxd5 exd5 13. 0-0 Kd7 14. Be3 Kc6 15. b4 Bd6 16. Rad1 Rhd8 17. Rd3 b6 18. Rfd1 Bc7 19. Rc3+ Kb7 20. Bd4 g6 21. Re3 Re8 22. Rde1 Rxe3 23. Rxe3 Bd6 24. Kf1 Rc8 25. c3 a5 26. Ke2 axb4 27. cxb4 Rc2+ 28. Kf3 Rc4 29. Rd3 Kc6 30. Ke3 Kb5 31. Bf6 Re4+ 32. Kd2 Bf4+ 33. Kc3 Kc6 34. b5+ Kc5 35. g3 Be5+ 36. Bxe5 Rxe5 37. a4 Re4 38. Kb3 f5 39. Rc3+ Rc4 40. Re3 Rb4+ 41. Ka3 Kc4 42. Re6 Rb3+ 43. Ka2 Kb4 44. Rxb6 Kxa4 45. Ra6+ Kxb5 46. Rd6 Rd3 47. Rd7 Kc4 48. Rxh7 Rd2+ 49. Ka3 Rxf2 50. Rg7 Rxh2 51. Rxg6 d4 52. Rf6 d3 53. Rxf5 d2 54. Rf1 Kc3 0-1

[Event "Elista Chess City op 10th"]
[Site "Elista"]
[Date "2008.09.19"]
[Round "5"]
[White "Barantseva, Alexandra"]
[Black "Utegaliev, Azamat"]
[Result "0-1"]
[WhiteElo "1911"]
[BlackElo "2218"]
[PlyCount "74"]
[EventDate "2008.09.16"]
[EventType "swiss"]
[EventRounds "9"]
[EventCountry "RUS"]
[SourceTitle "CBM 126 Extra"]
[Source "ChessBase"]
[SourceDate "2008.11.05"]
[SourceVersion "1"]
[SourceVersionDate "2008.11.05"]
[SourceQuality "1"]

1. c4 e5 2. Nc3 Nf6 3. g3 Bc5 4. Bg2 0-0 5. Nf3 e4 6. Ng5 Bxf2+ 7. Kxf2 Ng4+ 8. Ke1 Qxg5 9. Nxe4 Qe7 10. d4 f5 11. Nc3 Na6 12. Nd5 Qe8 13. Bf4 c6 14. h3 Nf6 15. Nxf6+ Rxf6 16. Kd2 d6 17. Re1 Be6 18. d5 cxd5 19. cxd5 Bf7 20. e4 fxe4 21. Bxe4 Qd7 22. Rc1 Nc5 23. Qc2 Nxe4+ 24. Qxe4 Rf5 25. Rc7 Qxc7 26. Qxf5 Qa5+ 27. Kd1 Bxd5 28. Qg4 Qa4+ 29. Kd2 Qd4+ 30. Kc1 Qc4+ 31. Kd2 Qxa2 32. Re7 Qxb2+ 33. Ke3 Qf6 34. Bg5 Qc3+ 35. Ke2 Bc4+ 36. Kd1 Rf8 37. Bf4 Bd5 0-1

[Event "Elista Chess City op 10th"]
[Site "Elista"]
[Date "2008.09.16"]
[Round "1"]
[White "Chashchev, Sergey"]
[Black "Barantseva, Alexandra"]
[Result "1-0"]
[WhiteElo "2294"]
[BlackElo "1911"]
[PlyCount "47"]
[EventDate "2008.09.16"]
[EventType "swiss"]
[EventRounds "9"]
[EventCountry "RUS"]
[SourceTitle "CBM 126 Extra"]
[Source "ChessBase"]
[SourceDate "2008.11.05"]
[SourceVersion "1"]
[SourceVersionDate "2008.11.05"]
[SourceQuality "1"]

1. b4 e5 2. Bb2 Bxb4 3. Bxe5 Nf6 4. Nf3 0-0 5. e3 d6 6. Bb2 d5 7. Be2 c5 8. 0-0 Nc6 9. d3 Ba5 10. Nbd2 Re8 11. Nb3 Bc7 12. Nxc5 Ng4 13. Nb3 Nxh2 14. Nxh2 Bxh2+ 15. Kxh2 Qh4+ 16. Kg1 Re6 17. f4 Rh6 18. Bf3 Ne7 19. Nd4 Qh2+ 20. Kf2 Rg6 21. Ke2 Nf5 22. Nxf5 Bxf5 23. Kd2 Rc8 24. Rc1 1-0